000 00302nam a2200097Ia 4500
008 171204s9999 xx 000 0 und d
245 _aFundamental Accounting Principles:
245 _cBarbara Chiappetta, John Wild, and Ken Shaw
260 _c2014
856 _uhttp://down.ebook777.com/063/0077862279.pdf
999 _c345780
_d345780